Statistics for 40 biggest cities of South Asia

Click here to take the quiz!

General Stats

  • This quiz has been taken 59 times
    (28 since last reset)
  • The average score is 27 of 40

Answer Stats

PopulationCountryIs a port on the ocean/seaWhich ocean/seaCity% Correct
13.49 millionIndiaYesBay of BengalChennai
100%
38.58 millionIndiaNoNoneDelhi
100%
29.48 millionBangladeshNoNoneDhaka
100%
32.04 millionPakistanYesArabian SeaKarachi
100%
36.94 millionIndiaYesArabian SeaMumbai
100%
11.43 millionIndiaNoNoneAhmedabad
94%
09.05 millionPakistanNoNoneHyderabad
94%
10.24 millionIndiaNoNoneHyderabad
94%
01.48 millionAfghanistanNoNoneKabul
94%
29.36 millionIndiaYesBay of BengalKolkata
94%
27.94 millionPakistanNoNoneLahore
94%
17.05 millionIndiaNoNoneBangalore
89%
01.63 millionSri LankaYesIndian OceanColombo
89%
04.94 millionPakistanNoNoneIslamabad
89%
07.02 millionBangladeshYesBay of BengalChittagong
83%
01.62 millionNepalNoNoneKathmandu
83%
09.85 millionIndiaNoNonePune
83%
09.45 millionIndiaYesGulf of KhambhtSurat
83%
01.43 millionPakistanNoNoneFaisalabad
78%
07.67 millionIndiaNoNoneJaipur
78%
01.93 millionMyanmarYesBay of BengalYangon
78%
06.95 millionIndiaNoNoneKanpur
72%
07.94 millionIndiaNoNoneLucknow
72%
05.67 millionIndiaNoNoneNagpur
72%
01.67 millionIndiaNoNoneAgra
61%
01.97 millionIndiaNoNoneIndore
61%
01.88 millionIndiaNoNonePatna
61%
02.91 millionIndiaNoNoneBhopal
50%
10.05 millionPakistanNoNonePeshawar
50%
01.56 millionIndiaYesArabian SeaKochi
44%
01.53 millionPakistanNoNoneMultan
44%
01.67 millionIndiaNoNoneChandigarh
39%
02.95 millionIndiaNoNoneCoimbatore
39%
02.34 millionIndiaNoNoneBhilai
33%
01.57 millionIndiaNoNoneAllahabad
28%
01.46 millionIndiaNoNoneRaipur
28%
01.45 millionIndiaNoNoneGuwahati
22%
01.53 millionIndiaNoNoneRanchi
22%
01.59 millionIndiaNoNoneSrinagar
22%
01.62 millionIndiaYesGulf of KhambhtVadodara
22%

Score Distribution

Percentile by Number Answered

Percent of People with Each Score

Your Score History

You have not taken this quiz since the last reset